| 000 | 00420nam a22001577a 4500 | ||
|---|---|---|---|
| 003 | OSt | ||
| 005 | 20260401125923.0 | ||
| 008 | 260401b |||||||| |||| 00| 0 eng d | ||
| 020 |
_a9789914434347 _cAVAILABLE |
||
| 040 | _cKICD | ||
| 050 |
_aPL 8701.A1 .K53 2024 _b1047 |
||
| 245 |
_aMTAALA WA SHULE YA JUNIA _bKISWAHILI GREDI YA 9 _cKICD |
||
| 250 | _a1ST ED | ||
| 260 |
_aNAIROBI, KENYA _bKICD _c2024 |
||
| 942 |
_2ddc _cBK _n0 |
||
| 999 |
_c10033 _d10033 |
||